Könyvek nyilvántartása
Elmentve itt :
| Szerző: | |
|---|---|
| További közreműködők: | |
| Dokumentumtípus: | Szakdolgozat |
| Megjelent: |
1989
|
| Tárgyszavak: | |
| Online Access: | http://diploma.bibl.u-szeged.hu/508 |
| LEADER | 00598nta a2200181 i 4500 | ||
|---|---|---|---|
| 001 | dipl508 | ||
| 005 | 20101222085219.0 | ||
| 008 | 101222s1989 hu om 0|| hun d | ||
| 040 | |a SZTE Diploma Repozitórium |b hun | ||
| 041 | |a hun | ||
| 100 | 1 | |a Molnár Judit | |
| 245 | 1 | 0 | |a Könyvek nyilvántartása |h [elektronikus dokumentum] / |c Judit Molnár |
| 260 | |c 1989 | ||
| 650 | 4 | |a Informatika | |
| 650 | 4 | |a Computer and information sciences | |
| 700 | 0 | 1 | |a Borús András |e ths |
| 700 | 0 | 1 | |a Földi István |e ths |
| 856 | 4 | 0 | |u https://diploma.bibl.u-szeged.hu/id/eprint/508/1/1989_molnar_judit_89_59.pdf |z Dokumentum-elérés |